| 000 | 01322nam a22003137a 4500 | ||
|---|---|---|---|
| 999 |
_c29467 _d29438 |
||
| 003 | EG-ScBUE | ||
| 005 | 20210923135853.0 | ||
| 008 | 210923s2010 ua a f b 000 0 ara d | ||
| 017 | _a2010/7010 | ||
| 040 |
_aEG-ScBUE _bara _erda _cEG-ScBUE _dEG-ScBUE |
||
| 043 | _af-ua--- | ||
| 082 | 0 | 4 |
_a658.403 _bص ن ع _222 |
| 245 | 0 | 0 |
_aصنع القرار في مشروعات التنمية في مصر / _cد. أبو زيد راجح [وخمس آخرون) ؛ تحرير د. مصطفى كامل السيد. |
| 264 | 1 |
_a[القاهرة] : _bشركاء التنمية للبحوث والاستشارات والتدريب، _c2010. |
|
| 300 |
_a254 صفحة : _bإيضاحيات ؛ _c24 سم |
||
| 336 |
_2rdacontent _aنص _btxt |
||
| 337 |
_2rdamedia _aبدون وسيط _bn |
||
| 338 |
_2rdacarrier _aمجلد _bnc |
||
| 504 | _aيشتمل على إرجاعات ببليوجرافية. | ||
| 541 | _cDonation. | ||
| 650 | 7 |
_aالقيادة الإدارية _zمصر. _2BUEsh |
|
| 650 | 7 |
_aاتخاذ القرارات _zمصر. _2BUEsh |
|
| 650 | 7 |
_aالتنمية الاقتصادية _zمصرِ. _2BUEsh |
|
| 653 | 7 |
_aBUEsh _bBUSADM _cSeptember2021 |
|
| 655 | 7 |
_2BUEsh _vReading book _934232 |
|
| 700 | 1 |
_aراجح، أبو زيد، _eمؤلف. |
|
| 700 | 1 |
_aالسيد، مصطفى كامل، _eمحرر. |
|
| 942 | _2ddc | ||